[Event "XIV Open"]
[Site "Crema ITA"]
[Date "2012.09.01"]
[Round "4"]
[White "Blengino, Cristiano"]
[Black "Torricelli, Lorenzo"]
[Result "1-0"]
[WhiteElo "1901"]
[BlackElo "1682"]
[PlyCount "175"]
[EventDate "2012.08.31"]

1. d4 d5 2. Nf3 Nf6 3. c4 c6 4. Nc3 dxc4 5. a4 Bf5 6. e3 e6 7. Bxc4 Bb4 8. O-O
Nbd7 9. Nh4 Bg4 10. Be2 Bxe2 11. Nxe2 Nd5 12. Nf3 O-O 13. e4 N5f6 14. Qd3 Be7
15. Rd1 c5 16. e5 Nd5 17. Be3 Rc8 18. Nc3 Nxe3 19. fxe3 Qb6 20. d5 c4 21. Qe2
Bc5 22. a5 Bxe3+ 23. Kh1 Qb4 24. Qxe3 Nc5 25. d6 Nd3 26. Qd2 Qc5 27. Ne4 Qb5
28. Qc3 f5 29. exf6 Qf5 30. Qd4 gxf6 31. Kg1 Kh8 32. Ng3 Qb5 33. Rd2 e5 34. Qc3
Qc5+ 35. Kf1 Qxd6 36. b3 Qb4 37. Qxb4 Nxb4 38. bxc4 Rxc4 39. Rd7 Nc2 40. Rb1 b6
41. axb6 axb6 42. Rxb6 Rfc8 43. Kf2 e4 44. Nd2 Nd4 45. Rxd4 Rxd4 46. Rxf6 Rc2
47. Ngf1 Kg7 48. Ra6 Rc3 49. Re6 Rc2 50. Rb6 Rc3 51. Rb2 Rc7 52. Ke3 Ra4 53.
Nxe4 Ra3+ 54. Ke2 Rc4 55. Nfd2 Rc7 56. Rb6 Re7 57. Kf2 Rf7+ 58. Nf3 Ra2+ 59.
Kg3 Ra4 60. Re6 Raa7 61. Nf2 Ra2 62. h4 Ra4 63. Nh3 h6 64. Rb6 Re7 65. Nf4 Kh7
66. Rf6 Rg7+ 67. Kh3 Ra1 68. Nh5 Rh1+ 69. Nh2 Re7 70. Kg3 Re3+ 71. Nf3 Ra1 72.
Kg4 Ra2 73. g3 Ra4+ 74. Rf4 Raa3 75. Nd4 Ra6 76. Nf5 Rg6+ 77. Kh3 Re1 78. Kg2
Re2+ 79. Kf3 Ra2 80. Ne7 Ra3+ 81. Kg2 Ra2+ 82. Kh3 Raa6 83. Rf7+ Kh8 84. Nxg6+
Rxg6 85. Nf6 Rxf6 86. Rxf6 Kg7 87. Ra6 h5 88. Kg2 1-0

[Event "XIV Open"]
[Site "Crema ITA"]
[Date "2012.09.01"]
[Round "4"]
[White "Bonazzi, Edoardo"]
[Black "Manzotti, Francesco"]
[Result "1-0"]
[WhiteElo "2101"]
[BlackElo "1700"]
[PlyCount "77"]
[EventDate "2012.08.31"]

1. c4 Nf6 2. g3 d5 3. cxd5 Qxd5 4. Nf3 g6 5. Bg2 Bg7 6. O-O O-O 7. Nc3 Qd8 8.
d4 Nd5 9. e4 Nxc3 10. bxc3 c5 11. Be3 Qc7 12. Rb1 Rd8 13. Qa4 b6 14. Rfd1 Bb7
15. dxc5 Rxd1+ 16. Rxd1 Nc6 17. cxb6 axb6 18. Qc4 Ba6 19. Qb3 Rb8 20. Ng5 e6
21. Nxe6 fxe6 22. Qxe6+ Kh8 23. Rd7 Qc8 24. Bh6 Bxc3 25. e5 Bxe5 26. Bxc6 Bc3
27. Qe7 Qg8 28. Bd5 Re8 29. Bxg8 Rxe7 30. Rxe7 Kxg8 31. Ra7 Bc4 32. Rc7 b5 33.
a4 Be5 34. Rc8+ Kf7 35. axb5 Bd5 36. b6 Ke7 37. Bg5+ Kd7 38. Rd8+ Kc6 39. b7
1-0

[Event "XIV Open"]
[Site "Crema ITA"]
[Date "2012.09.01"]
[Round "4"]
[White "Borboni, Paolo"]
[Black "Frignani, Alessandro"]
[Result "1-0"]
[WhiteElo "1750"]
[BlackElo "1377"]
[PlyCount "113"]
[EventDate "2012.08.31"]

1. d4 d5 2. c4 dxc4 3. e4 Nf6 4. Nc3 g6 5. Bxc4 c6 6. Nge2 e6 7. Bg5 Be7 8. O-O
O-O 9. Rc1 Nbd7 10. Bb3 Nb6 11. Qd2 Nfd7 12. Bh6 Re8 13. e5 Bf8 14. Ne4 Qh4 15.
Bxf8 Rxf8 16. Nd6 Nd5 17. f4 N7b6 18. Rf3 f6 19. Rh3 Qg4 20. f5 Qg5 21. Qxg5
fxg5 22. f6 Bd7 23. Rg3 h6 24. h4 Rab8 25. hxg5 h5 26. Rh3 Nc8 27. Nxc8 Rbxc8
28. Bxd5 exd5 29. Re3 Rfe8 30. Nf4 Bf5 31. e6 Kf8 32. b4 a6 33. Kf2 Rc7 34.
Nxd5 Rh7 35. Nf4 h4 36. g4 hxg3+ 37. Kxg3 Rc8 38. Rc5 Rcc7 39. Rxf5 gxf5 40.
Ng6+ Ke8 41. f7+ Rhxf7 42. exf7+ Kxf7 43. Ne5+ Kg7 44. Kf4 b6 45. Kxf5 c5 46.
dxc5 bxc5 47. Rc3 Rb7 48. bxc5 Rc7 49. c6 a5 50. Rb3 Kf8 51. Rb7 Rc8 52. c7 Ke7
53. g6 Kd6 54. g7 Rg8 55. Rb8 Rxg7 56. c8=Q Rh7 57. Qc6+ 1-0

[Event "XIV Open"]
[Site "Crema ITA"]
[Date "2012.09.01"]
[Round "4"]
[White "Colonetti, Fabio"]
[Black "Colombo, Abner"]
[Result "1-0"]
[WhiteElo "1443"]
[BlackElo "1188"]
[PlyCount "55"]
[EventDate "2012.08.31"]

1. d4 f5 2. c4 Nf6 3. Nc3 g6 4. Nf3 Bg7 5. Bf4 c6 6. e3 d5 7. Be2 Be6 8. b3 Qa5
9. Qd2 Nbd7 10. O-O O-O-O 11. Rfb1 Rde8 12. b4 Qd8 13. cxd5 Nxd5 14. Nxd5 Bxd5
15. b5 Nb8 16. bxc6 Nxc6 17. a4 h5 18. a5 a6 19. Qb2 Nxa5 20. Be5 Bxe5 21. Nxe5
e6 22. Nf7 Qh4 23. Nxh8 Rxh8 24. Rxa5 Rh7 25. Rc1+ Kd8 26. Qb6+ Ke7 27. Rc7+
Kf6 28. Rxh7 1-0

[Event "XIV Open"]
[Site "Crema ITA"]
[Date "2012.09.01"]
[Round "4"]
[White "Carrai, Giacomo"]
[Black "Folcini, Gaddo"]
[Result "1-0"]
[WhiteElo "1827"]
[BlackElo "1606"]
[PlyCount "71"]
[EventDate "2012.08.31"]

1. d4 e5 2. dxe5 Nc6 3. Nf3 d5 4. Bg5 f6 5. exf6 Nxf6 6. e3 Be7 7. Be2 O-O 8.
O-O Bg4 9. Nbd2 Qd7 10. c3 h6 11. Bh4 Qe6 12. Nd4 Nxd4 13. cxd4 Bxe2 14. Qxe2
g5 15. Bg3 g4 16. Qd3 Ne4 17. Nxe4 dxe4 18. Qc2 Rf7 19. b3 Raf8 20. Qc4 Qg6 21.
Rac1 c6 22. Rc2 h5 23. Bf4 Kh7 24. g3 h4 25. d5 hxg3 26. hxg3 Qh5 27. Qxe4+ Kg8
28. dxc6 Rh7 29. Qg2 bxc6 30. Rxc6 Bf6 31. Rfc1 Kf7 32. Rc7+ Be7 33. Bd6 Re8
34. Rxe7+ Rxe7 35. Bxe7 Qe5 36. Bh4 1-0

[Event "XIV Open"]
[Site "Crema ITA"]
[Date "2012.09.01"]
[Round "4"]
[White "Castrogiovanni, Carlo"]
[Black "Mansueti, Marco"]
[Result "0-1"]
[WhiteElo "1984"]
[BlackElo "1839"]
[PlyCount "82"]
[EventDate "2012.08.31"]

1. d4 d5 2. Nc3 Nf6 3. Bg5 Bf5 4. e3 e6 5. Bd3 Bxd3 6. Qxd3 Nc6 7. a3 a6 8. Nf3
Be7 9. O-O h6 10. Bf4 g5 11. Bg3 Qd7 12. b4 b5 13. e4 dxe4 14. Nxe4 Nxe4 15.
Qxe4 f5 16. Qd3 f4 17. Qg6+ Kd8 18. Ne5 Nxe5 19. dxe5 Kc8 20. Rfd1 Qc6 21. Qf7
Re8 22. Rd3 fxg3 23. hxg3 Kb7 24. g4 Rad8 25. Rxd8 Bxd8 26. Rd1 Re7 27. Qf8 Rd7
28. Rxd7 Qxd7 29. Qxh6 Qd1+ 30. Kh2 Qxg4 31. Qf8 Qd4 32. Qf3+ c6 33. Qf7+ Bc7
34. g3 Qxe5 35. Qh7 Qf5 36. Qxf5 exf5 37. Kg2 Be5 38. Kf3 Bb2 39. Ke2 Bxa3 40.
c3 Kb6 41. Kd3 c5 0-1

[Event "XIV Open"]
[Site "Crema ITA"]
[Date "2012.09.01"]
[Round "4"]
[White "Cervini, Ernesto"]
[Black "Vuckovic, Dimitrije"]
[Result "1-0"]
[WhiteElo "1733"]
[BlackElo "1518"]
[PlyCount "119"]
[EventDate "2012.08.31"]

1. d4 Nf6 2. c4 g6 3. Nc3 Bg7 4. e4 d6 5. f3 O-O 6. Nge2 e5 7. d5 a5 8. Be3 Bd7
9. b3 Na6 10. Ng3 b6 11. Rc1 Nb4 12. Qd2 Qe8 13. Be2 Qc8 14. O-O Ne8 15. a3 Na6
16. f4 Bg4 17. f5 Bxe2 18. Qxe2 Nf6 19. Qd2 Ng4 20. h3 Nxe3 21. Qxe3 Nc5 22.
Nb5 Nd7 23. fxg6 hxg6 24. h4 Kh7 25. Qf3 Bh6 26. Rcd1 Qd8 27. h5 Bf4 28. Ne2 g5
29. g3 g4 30. Qxg4 Nf6 31. Qf5+ Kh6 32. gxf4 Rg8+ 33. Kh1 Nxe4 34. Qh3 exf4 35.
Rxf4 Ng5 36. Qf5 Qe7 37. Qf6+ Qxf6 38. Rxf6+ Kxh5 39. Rg1 Rg6 40. Nf4+ Kh6 41.
Nxg6 fxg6 42. Re1 Rh8 43. Rf2 Kg7+ 44. Kg2 Rh3 45. Rb2 Rd3 46. Re7+ Nf7 47.
Rxc7 Kg8 48. Rc6 g5 49. Nxd6 Ne5 50. Rc7 a4 51. bxa4 Rxa3 52. Rxb6 Ng6 53. Rb8+
Nf8 54. Rcc8 Ra2+ 55. Kf3 g4+ 56. Ke4 Rf2 57. Rxf8+ Rxf8 58. Rxf8+ Kxf8 59. a5
Ke7 60. a6 1-0

[Event "XIV Open"]
[Site "Crema ITA"]
[Date "2012.09.01"]
[Round "4"]
[White "Coppola, Federico"]
[Black "Gonella, Daniele"]
[Result "1-0"]
[WhiteElo "1893"]
[BlackElo "2157"]
[PlyCount "83"]
[EventDate "2012.08.31"]

1. e4 c5 2. Nf3 Nc6 3. d4 cxd4 4. Nxd4 Nf6 5. Nc3 e5 6. Ndb5 d6 7. Bg5 a6 8.
Na3 Be6 9. Nd5 Bxd5 10. Qxd5 Nxd5 11. Bxd8 Rxd8 12. exd5 Nb8 13. Nc4 Be7 14. h4
Rc8 15. c3 O-O 16. g4 Nd7 17. Ne3 g6 18. c4 Bd8 19. g5 Bb6 20. Bh3 Bxe3 21.
Bxd7 Rc7 22. fxe3 Rxd7 23. Rf1 f5 24. gxf6 Rdf7 25. Ke2 Rxf6 26. Rxf6 Rxf6 27.
b4 Kf8 28. c5 Ke7 29. c6 bxc6 30. dxc6 Kd8 31. a4 Kc7 32. b5 Rf8 33. Kd3 d5 34.
Rb1 Kb6 35. Rb2 h6 36. e4 dxe4+ 37. Kxe4 Rf4+ 38. Kxe5 Rxa4 39. Rc2 Kc7 40. b6+
Kc8 41. Rf2 Ra5+ 42. Kd6 1-0

[Event "XIV Open"]
[Site "Crema ITA"]
[Date "2012.09.01"]
[Round "4"]
[White "De Paoli, Emilio"]
[Black "Barucco, Mattia"]
[Result "0-1"]
[WhiteElo "1851"]
[BlackElo "2000"]
[PlyCount "106"]
[EventDate "2012.08.31"]

1. c4 e5 2. Nf3 Nc6 3. g3 g6 4. Bg2 Bg7 5. O-O d6 6. d3 f5 7. Nc3 Nf6 8. Bg5 h6
9. Bd2 O-O 10. e4 Kh7 11. Rb1 fxe4 12. dxe4 Bg4 13. Qb3 Nxe4 14. Nxe4 Bxf3 15.
Qxb7 Nd4 16. Ba5 Rc8 17. Bxf3 Nxf3+ 18. Kg2 Qd7 19. Qxa7 Nd4 20. f3 Nc6 21. Qa6
Ra8 22. Qb5 Rxa5 23. Qb3 Nd4 24. Qb4 Ra4 25. Qb7 Rxa2 26. c5 Qb5 27. Qxc7 dxc5
28. Nxc5 Qc6 29. Qxc6 Nxc6 30. Ne6 Rb8 31. Rf2 Nd4 32. Nxg7 Kxg7 33. Rd2 Rb4
34. f4 e4 35. Kf1 Kf6 36. Rbd1 Nf5 37. Ke1 Rbxb2 38. g4 Rxd2 39. Rxd2 Rxd2 40.
Kxd2 Nd6 41. Ke3 g5 42. h3 Kg6 43. f5+ Nxf5+ 44. Kxe4 Nd6+ 45. Ke5 Nb5 46. Ke4
Kf6 47. Ke3 Ke5 48. Kf3 Nd4+ 49. Ke3 Nc2+ 50. Kf3 Ne1+ 51. Kg3 Ke4 52. h4 Ke3
53. hxg5 hxg5 0-1

[Event "XIV Open"]
[Site "Crema ITA"]
[Date "2012.09.01"]
[Round "4"]
[White "Fiammetti, Gianluca"]
[Black "Galli, Fabrizio"]
[Result "1/2-1/2"]
[WhiteElo "1464"]
[BlackElo "1463"]
[PlyCount "89"]
[EventDate "2012.08.31"]

1. c4 d6 2. Nc3 Nf6 3. g3 Bd7 4. Bg2 Bc6 5. e4 e6 6. Nge2 Be7 7. O-O O-O 8. d4
Qc8 9. f3 a6 10. b4 e5 11. d5 Bd7 12. Be3 c6 13. a3 cxd5 14. Nxd5 Nxd5 15. cxd5
Bb5 16. Rc1 Qd8 17. Bh3 Bd7 18. Bxd7 Nxd7 19. Qc2 b5 20. Qc7 Rc8 21. Qxd8 Rfxd8
22. Rxc8 Rxc8 23. Rc1 Rxc1+ 24. Bxc1 Nb6 25. Nc3 Nc4 26. a4 bxa4 27. Nxa4 g6
28. Nc3 h5 29. h3 Kf8 30. Kf2 Ke8 31. h4 Kd7 32. Na4 Kc7 33. Be3 Nxe3 34. Kxe3
Bd8 35. f4 exf4+ 36. Kxf4 Be7 37. e5 dxe5+ 38. Kxe5 Bd6+ 39. Kf6 Bxg3 40. Kxf7
Bxh4 41. Kxg6 Kd6 42. Kxh5 Bf2 43. Kg4 Kxd5 44. b5 axb5 45. Nc3+ 1/2-1/2

[Event "XIV Open"]
[Site "Crema ITA"]
[Date "2012.09.01"]
[Round "4"]
[White "Ferrari, Paolo"]
[Black "Gonella, Graziano"]
[Result "1-0"]
[WhiteElo "1713"]
[BlackElo "1211"]
[PlyCount "55"]
[EventDate "2012.08.31"]

1. d4 d5 2. c4 e6 3. Nc3 g6 4. Nf3 Bg7 5. Bg5 Nf6 6. Qd2 Nbd7 7. g3 O-O 8. Bg2
dxc4 9. e4 Qe8 10. O-O e5 11. Bh6 exd4 12. Bxg7 Nxe4 13. Nxe4 Qxe4 14. Bxf8
Nxf8 15. Qxd4 Bf5 16. Rfe1 Qc2 17. Rac1 Qd3 18. Qxc4 Qxc4 19. Rxc4 Rc8 20. Re7
Ne6 21. Ne5 b5 22. Rc1 Nd4 23. Rcxc7 Ne2+ 24. Kh1 Rd8 25. h4 Rd1+ 26. Kh2 Be6
27. Nxf7 Bxa2 28. Nh6+ 1-0

[Event "XIV Open"]
[Site "Crema ITA"]
[Date "2012.09.01"]
[Round "4"]
[White "Frugoni, Giulio"]
[Black "Maraschi, Alberto"]
[Result "1-0"]
[WhiteElo "1638"]
[BlackElo "1337"]
[PlyCount "115"]
[EventDate "2012.08.31"]

1. e4 c6 2. d4 d5 3. e5 Bf5 4. Nf3 e6 5. c4 Bb4+ 6. Nc3 Ne7 7. Qb3 Na6 8. a3
dxc4 9. Bxc4 Bxc3+ 10. bxc3 Rb8 11. Bg5 b5 12. Be2 Qc7 13. Bxe7 Qxe7 14. O-O
O-O 15. a4 bxa4 16. Qxa4 Rb6 17. Bxa6 Be4 18. Be2 Rb7 19. Rfe1 Rc7 20. Ra3 Rb8
21. Rb3 Rd8 22. Qb4 Qe8 23. Ng5 Bg6 24. f4 h6 25. Nf3 Be4 26. Nd2 Bg6 27. Nc4
c5 28. dxc5 Qc6 29. Nd6 Qd5 30. Rd1 Qc6 31. Bb5 Qa8 32. c6 Bc2 33. Rd4 Bxb3 34.
Qxb3 a6 35. Bc4 Qxc6 36. Bxe6 fxe6 37. Qxe6+ Kh7 38. f5 Qb6 39. Qg6+ Kg8 40. f6
Rxd6 41. exd6 Rf7 42. d7 Rxd7 43. Qe8+ Kh7 44. Qxd7 Qxf6 45. Qg4 Qc6 46. Qe4+
Qxe4 47. Rxe4 a5 48. c4 a4 49. c5 a3 50. c6 a2 51. Ra4 g5 52. c7 Kg6 53. c8=Q
Kh5 54. Rxa2 g4 55. Ra4 Kg6 56. Qc6+ Kg7 57. Rxg4+ Kh7 58. Qg6+ 1-0

[Event "XIV Open"]
[Site "Crema ITA"]
[Date "2012.09.01"]
[Round "4"]
[White "Gabetto, Flaviano"]
[Black "Pinna, Ferdinando"]
[Result "1/2-1/2"]
[WhiteElo "2108"]
[BlackElo "1929"]
[PlyCount "118"]
[EventDate "2012.08.31"]

1. e4 e6 2. Nf3 c5 3. b4 cxb4 4. a3 d6 5. axb4 Nf6 6. Bd3 Nc6 7. c3 Qc7 8. O-O
Be7 9. Bc2 d5 10. d3 dxe4 11. dxe4 b5 12. Qe2 a6 13. e5 Nd5 14. Be4 O-O 15.
Bxd5 exd5 16. h3 Re8 17. Bf4 Be6 18. Rd1 Red8 19. Qe3 a5 20. bxa5 Rxa5 21. Rxa5
Qxa5 22. Nbd2 Qa4 23. Re1 d4 24. Nxd4 Nxd4 25. cxd4 Qxd4 26. Qg3 Qd3 27. f3
Bc5+ 28. Kh2 Bb4 29. Rd1 Qc2 30. Bh6 Qg6 31. Qh4 Rd7 32. Qxb4 Qxh6 33. Qxb5 f6
34. exf6 gxf6 35. Qe2 Qf4+ 36. Kh1 Qd6 37. Re1 Bxh3 38. Ne4 Qe6 39. gxh3 Qxh3+
40. Qh2 Qxf3+ 41. Qg2+ Qxg2+ 42. Kxg2 Re7 43. Nxf6+ Kf7 44. Rf1 Kg6 45. Nd5 Rd7
46. Rd1 Kg7 47. Kf3 Rf7+ 48. Ke4 Ra7 49. Ke5 Ra2 50. Rg1+ Kf7 51. Rh1 Kg7 52.
Kf5 Ra5 53. Ke5 Ra2 54. Rh4 Re2+ 55. Kf5 Ra2 56. Rf4 Ra5 57. Ke5 Kg6 58. Rf6+
Kg5 59. Rf7 Kh6 1/2-1/2

[Event "XIV Open"]
[Site "Crema ITA"]
[Date "2012.09.01"]
[Round "4"]
[White "Gemelli, Giovanni"]
[Black "Sperli', Maurizio"]
[Result "1-0"]
[WhiteElo "1807"]
[BlackElo "1532"]
[PlyCount "41"]
[EventDate "2012.08.31"]

1. e4 e5 2. Nf3 Nf6 3. Nc3 Nc6 4. d4 exd4 5. Nxd4 Bb4 6. Nxc6 bxc6 7. Bd3 d5 8.
exd5 cxd5 9. O-O O-O 10. Bg5 c6 11. Ne2 Bd6 12. Ng3 Bxg3 13. hxg3 Qd6 14. c3
Ng4 15. Re1 f6 16. Bf4 Qc5 17. Qc2 g6 18. b4 Qb6 19. Bd6 Rf7 20. Bxg6 Bf5 21.
Bxf7+ 1-0

[Event "XIV Open"]
[Site "Crema ITA"]
[Date "2012.09.01"]
[Round "4"]
[White "Giretti Kanev, Jasen"]
[Black "Gagliardi, Christian"]
[Result "1/2-1/2"]
[WhiteElo "2189"]
[BlackElo "2217"]
[PlyCount "75"]
[EventDate "2012.08.31"]

1. Nf3 Nf6 2. d4 d5 3. c4 e6 4. g3 Be7 5. Bg2 O-O 6. O-O dxc4 7. Ne5 Nc6 8.
Nxc6 bxc6 9. Bxc6 Rb8 10. Nc3 Bb7 11. Bxb7 Rxb7 12. Kg2 Qa8 13. f3 Rd8 14. e3
c5 15. Rf2 cxd4 16. exd4 Rbd7 17. Qa4 Rxd4 18. h3 Rc8 19. Be3 Rd7 20. Rc1 a6
21. Ne2 Qc6 22. Qxc6 Rxc6 23. Nd4 Rc8 24. Rfc2 Nd5 25. Bf2 Rdc7 26. a3 h6 27.
f4 g6 28. Kf3 h5 29. Ne2 Bf6 30. Bd4 Bxd4 31. Nxd4 Kf8 32. Ne2 Ke7 33. g4 hxg4+
34. hxg4 Kd7 35. g5 Rb7 36. Ke4 Rcb8 37. Rxc4 Rxb2 38. Nc3 1/2-1/2

[Event "XIV Open"]
[Site "Crema ITA"]
[Date "2012.09.01"]
[Round "4"]
[White "Guidi, Maurizio"]
[Black "Colombo, Luca"]
[Result "1-0"]
[WhiteElo "2058"]
[BlackElo "1898"]
[PlyCount "101"]
[EventDate "2012.08.31"]

1. Nf3 c5 2. c4 Nc6 3. g3 g6 4. Bg2 Bg7 5. O-O d6 6. Nc3 Nf6 7. d4 cxd4 8. Nxd4
Nxd4 9. Qxd4 O-O 10. Qd3 Rb8 11. h3 Bd7 12. Be3 a5 13. Bd4 Bc6 14. e4 Nd7 15.
Bxg7 Kxg7 16. Qd4+ Kg8 17. Rac1 Qb6 18. Qd2 Ne5 19. Nd5 Bxd5 20. exd5 Rbc8 21.
b3 Qb4 22. Qe2 Rfe8 23. f4 Qb6+ 24. Kh2 Nd7 25. f5 Qd4 26. Rf4 Qe5 27. Re4 Qf6
28. fxg6 fxg6 29. Rf1 Qg7 30. h4 Ne5 31. Bh3 Rb8 32. c5 Rf8 33. Ref4 Rxf4 34.
gxf4 Nf7 35. c6 bxc6 36. dxc6 Qc3 37. Bg2 Kf8 38. Qf3 Qxf3 39. Bxf3 Rc8 40. Rc1
Rc7 41. a3 e6 42. b4 axb4 43. axb4 d5 44. b5 Nd8 45. Bd1 Ke7 46. Ba4 Rc8 47. b6
Kd6 48. c7 Nb7 49. Bb5 e5 50. fxe5+ Kxe5 51. Ba6 1-0

[Event "XIV Open"]
[Site "Crema ITA"]
[Date "2012.09.01"]
[Round "4"]
[White "Maltsev, Leonid"]
[Black "Carbone, Lorenzo"]
[Result "1-0"]
[WhiteElo "1941"]
[BlackElo "1728"]
[PlyCount "81"]
[EventDate "2012.08.31"]

1. e4 c5 2. Nf3 d6 3. d4 cxd4 4. Nxd4 Nf6 5. Nc3 a6 6. Bg5 e6 7. f4 Be7 8. Qf3
O-O 9. O-O-O Qc7 10. Bd3 Nbd7 11. Rhe1 Nc5 12. e5 Nxd3+ 13. Qxd3 dxe5 14. fxe5
Nd5 15. Bxe7 Nxe7 16. Qg3 b5 17. Kb1 Bb7 18. Ne4 Bxe4 19. Rxe4 Rac8 20. c3 Rfd8
21. Rd3 b4 22. Rg4 Ng6 23. h4 Qxe5 24. Rxg6 Qxg3 25. Rgxg3 bxc3 26. Rxc3 Ra8
27. Rgd3 Rd5 28. Nf3 Rb5 29. Rd7 h6 30. Rcd3 Kf8 31. Nd4 Re5 32. Nc6 Re1+ 33.
Rd1 Rxd1+ 34. Rxd1 Ke8 35. b4 f6 36. Rd6 e5 37. a4 e4 38. b5 axb5 39. axb5 Ra4
40. b6 Ra6 41. Re6+ 1-0

[Event "XIV Open"]
[Site "Crema ITA"]
[Date "2012.09.01"]
[Round "4"]
[White "Mantovani, Enrico"]
[Black "Fongarolli, Diego"]
[Result "0-1"]
[WhiteElo "1839"]
[BlackElo "2068"]
[PlyCount "116"]
[EventDate "2012.08.31"]

1. d4 Nf6 2. Nf3 g6 3. g3 Bg7 4. Bg2 d5 5. c4 c6 6. O-O O-O 7. b3 Ne4 8. Bb2 b6
9. Nfd2 Nxd2 10. Nxd2 Bf5 11. Re1 Na6 12. e4 dxe4 13. Nxe4 Rc8 14. Qd2 Qd7 15.
Rad1 e6 16. Ba3 Bxe4 17. Bxf8 Bxf8 18. Rxe4 Rb8 19. Re2 Bb4 20. Qc2 Nc7 21. Qe4
c5 22. d5 exd5 23. cxd5 Nb5 24. Qh4 Qd6 25. Re7 Nc3 26. Rd3 c4 27. Rde3 cxb3
28. axb3 a5 29. Qh6 Rf8 30. Re8 Qd7 31. Rxf8+ Bxf8 32. Qg5 Nb5 33. Qe5 Nd6 34.
Qc3 Nf5 35. Rd3 Bb4 36. Qc6 Qd6 37. Bh3 Ne7 38. Qb7 Bc5 39. Qd7 Kg7 40. Qxd6
Bxd6 41. Bd7 f5 42. Bc6 Bc5 43. Rd2 Nc8 44. Re2 h6 45. Kf1 Nd6 46. f3 g5 47. h3
f4 48. g4 Be3 49. Rxe3 fxe3 50. Ke2 Kf6 51. Kxe3 Ke5 52. h4 Nc8 53. Bd7 Ne7 54.
Be6 Nxd5+ 55. Bxd5 Kxd5 56. f4 gxh4 57. g5 hxg5 58. fxg5 Ke5 0-1

[Event "XIV Open"]
[Site "Crema ITA"]
[Date "2012.09.01"]
[Round "4"]
[White "Marchesotti, Giovanni"]
[Black "D'Amato, Piergiorgio"]
[Result "1/2-1/2"]
[WhiteElo "1525"]
[BlackElo "1885"]
[PlyCount "44"]
[EventDate "2012.08.31"]

1. b3 e5 2. Bb2 d6 3. c4 Nf6 4. e3 Be7 5. Be2 O-O 6. Nf3 Nbd7 7. O-O c6 8. d3
Re8 9. Nc3 Bf8 10. e4 g6 11. Bc1 Bg7 12. Re1 Nf8 13. Bd2 Ne6 14. Qc1 Nh5 15.
Bf1 Qc7 16. g3 Nf6 17. Qd1 a5 18. Rc1 Nc5 19. h3 Rf8 20. Be3 b6 21. Qc2 Ne6 22.
Qd2 Bd7 1/2-1/2

[Event "XIV Open"]
[Site "Crema ITA"]
[Date "2012.09.01"]
[Round "4"]
[White "Mondal, Prince"]
[Black "Spornberger, Andre"]
[Result "0-1"]
[WhiteElo "1864"]
[BlackElo "2036"]
[PlyCount "86"]
[EventDate "2012.08.31"]

1. e4 d5 2. exd5 Nf6 3. d4 Nxd5 4. c4 Nb6 5. c5 Nd5 6. Bc4 g6 7. Nf3 Bg7 8. Nc3
Nxc3 9. bxc3 O-O 10. O-O Nc6 11. Re1 Bg4 12. h3 Bxf3 13. Qxf3 e5 14. Bd5 exd4
15. Bxc6 bxc6 16. Rd1 Qh4 17. g3 Qxh3 18. cxd4 Qd7 19. Bf4 h6 20. Qb3 g5 21.
Be5 Bxe5 22. dxe5 Qe7 23. Qc3 Rfd8 24. Re1 Rd5 25. Rac1 Re8 26. Qa5 Rxe5 27.
Rxe5 Qxe5 28. Qxa7 h5 29. Qa4 Re6 30. Qb4 h4 31. gxh4 gxh4 32. Rc4 f5 33. Rxh4
Rg6+ 34. Kf1 Qa1+ 35. Ke2 Qxa2+ 36. Qd2 Re6+ 37. Kd3 Qxd2+ 38. Kxd2 Re5 39. Rc4
Kf7 40. Kd3 Ke6 41. Kd4 Re4+ 42. Kd3 Rxc4 43. Kxc4 Ke5 0-1

[Event "XIV Open"]
[Site "Crema ITA"]
[Date "2012.09.01"]
[Round "4"]
[White "Oteri, Aldo"]
[Black "Brociner, Beniamino"]
[Result "0-1"]
[WhiteElo "1799"]
[BlackElo "1981"]
[PlyCount "108"]
[EventDate "2012.08.31"]

1. e4 c5 2. Nf3 e6 3. d4 cxd4 4. Nxd4 Nf6 5. Nc3 Nc6 6. Nxc6 bxc6 7. e5 Nd5 8.
Ne4 Qc7 9. f4 Qb6 10. Bd3 Ba6 11. a3 Ne3 12. Qe2 Bxd3 13. cxd3 Nf5 14. g4 Nd4
15. Qf2 Rb8 16. O-O Ne2+ 17. Kh1 Nxc1 18. Raxc1 Be7 19. f5 Qxf2 20. Rxf2 O-O
21. f6 gxf6 22. exf6 Bd8 23. b4 Bb6 24. Rf3 Bd4 25. Rc4 Bb2 26. Nc5 Rfd8 27. g5
Bxa3 28. Rh4 Rxb4 29. d4 Bc1 30. Nd3 Rb3 31. Rfh3 Bxg5 32. Rg4 Kh8 33. Rxg5 Rg8
34. Rxg8+ Kxg8 35. Rg3+ Kf8 36. Ne5 Rxg3 37. hxg3 Ke8 38. Kg2 a5 39. Kf3 a4 40.
Nc4 d5 41. Na3 Kd7 42. Ke3 Kd6 43. Kd3 e5 44. dxe5+ Kxe5 45. Nc2 c5 46. Ne3 h5
47. Nc2 Kxf6 48. Ne3 Ke5 49. Nc2 f5 50. Na3 f4 51. gxf4+ Kxf4 52. Nc2 h4 53.
Ne3 h3 54. Nxd5+ Kf3 0-1

[Event "XIV Open"]
[Site "Crema ITA"]
[Date "2012.09.01"]
[Round "4"]
[White "Poletti, Guido"]
[Black "Scotti, Luigi"]
[Result "1/2-1/2"]
[WhiteElo "1371"]
[BlackElo "1491"]
[PlyCount "90"]
[EventDate "2012.08.31"]

1. e4 e5 2. Nf3 Nc6 3. d4 exd4 4. Nxd4 Nge7 5. Be2 g6 6. O-O Bg7 7. c3 O-O 8.
Be3 d6 9. Nd2 d5 10. Nxc6 Nxc6 11. exd5 Qxd5 12. Nf3 Be6 13. Qxd5 Bxd5 14. Rfd1
Be4 15. Rd2 Rfd8 16. Rad1 Rxd2 17. Rxd2 Rd8 18. Nd4 Nxd4 19. Bxd4 c5 20. Be3
Rxd2 21. Bxd2 b6 22. Bf4 Bd5 23. a3 c4 24. a4 a6 25. Be3 b5 26. axb5 axb5 27.
Bd4 Bxd4 28. cxd4 b4 29. Kf1 c3 30. bxc3 bxc3 31. Bd3 Bb3 32. Ke1 Kf8 33. g4
Ke7 34. f4 h5 35. h3 hxg4 36. hxg4 Kf6 37. g5+ Ke6 38. Be4 Bd5 39. Bc2 f5 40.
gxf6 Kxf6 41. Ke2 Bc4+ 42. Ke3 g5 43. fxg5+ Kxg5 44. Ke4 Kf6 45. d5 Bxd5+
1/2-1/2

[Event "XIV Open"]
[Site "Crema ITA"]
[Date "2012.09.01"]
[Round "4"]
[White "Peschechera, Francesco"]
[Black "Adami, Antonio"]
[Result "1/2-1/2"]
[WhiteElo "1837"]
[BlackElo "1708"]
[PlyCount "128"]
[EventDate "2012.08.31"]

1. e4 c5 2. Nf3 d6 3. d4 cxd4 4. Nxd4 Nf6 5. Nc3 a6 6. Bg5 e6 7. Bd3 Nbd7 8.
O-O Be7 9. Be3 O-O 10. b4 Qc7 11. Qd2 Ne5 12. b5 Nxd3 13. cxd3 Bd7 14. b6 Qd8
15. a4 Ng4 16. a5 Nxe3 17. Qxe3 Rc8 18. Rfc1 Bf6 19. Nce2 Bxd4 20. Nxd4 e5 21.
Nc2 Qe7 22. Nb4 Be6 23. Rxc8 Rxc8 24. Rc1 Qd7 25. Qd2 Kf8 26. Rc3 Rxc3 27. Qxc3
Qc8 28. Qxc8+ Bxc8 29. Kf1 Ke7 30. Ke2 Kd8 31. Ke3 Be6 32. d4 f6 33. dxe5 fxe5
34. g3 g5 35. f4 gxf4+ 36. gxf4 exf4+ 37. Kxf4 h5 38. h4 Kd7 39. Kg5 Bg4 40.
Nd5 Kc6 41. Nf6 Bf3 42. Nxh5 Bxe4 43. Nf6 Bb1 44. h5 d5 45. Kf4 d4 46. Ne4 d3
47. Ke3 d2 48. Nxd2 Bh7 49. Kf4 Kb5 50. Ne4 Kxa5 51. Nf6 Bb1 52. h6 Bg6 53. Kg5
Bc2 54. Nh5 Kxb6 55. Ng7 Bh7 56. Ne6 a5 57. Nf8 a4 58. Nxh7 a3 59. Nf6 a2 60.
h7 a1=Q 61. h8=Q Qc1+ 62. Kg6 Qc2+ 63. Kf7 Qc4+ 64. Kg6 Qc2+ 1/2-1/2

[Event "XIV Open"]
[Site "Crema ITA"]
[Date "2012.09.01"]
[Round "4"]
[White "Pisani, Valerio"]
[Black "Distratis, Gianluca"]
[Result "0-1"]
[WhiteElo "1698"]
[BlackElo "1962"]
[PlyCount "96"]
[EventDate "2012.08.31"]

1. Nc3 d5 2. e4 d4 3. Nce2 c5 4. Ng3 Nc6 5. Nf3 Qc7 6. Bc4 Nf6 7. d3 Bg4 8. Bg5
Ne5 9. Bb5+ Ned7 10. O-O h6 11. Bd2 O-O-O 12. Bxd7+ Nxd7 13. h3 Be6 14. c3 dxc3
15. Bxc3 c4 16. d4 Nc5 17. d5 f6 18. Qe2 Bxd5 19. exd5 Nd3 20. Qe6+ Kb8 21. Ne2
Nc5 22. Qg4 Nd3 23. b3 cxb3 24. axb3 Rxd5 25. Qa4 a6 26. Qe8+ Rd8 27. Qg6 e5
28. Rad1 Nc5 29. Rxd8+ Qxd8 30. Qc2 Qb6 31. Nd2 Be7 32. b4 Ne6 33. Nc4 Qb5 34.
Na3 Qc6 35. Qb2 Rc8 36. Rc1 Qe4 37. Ng3 Qd5 38. Nf5 Nf4 39. Ne3 Qd3 40. Rc2
Rxc3 41. Rd2 Rb3 42. Qa2 Qc3 43. Rc2 Qxb4 44. Nac4 Rb1+ 45. Kh2 Nh5 46. Na5 Qe1
47. Nc6+ bxc6 48. Qg8+ Ka7 0-1

[Event "XIV Open"]
[Site "Crema ITA"]
[Date "2012.09.01"]
[Round "4"]
[White "Popovich, Fabio"]
[Black "Tirelli, Mauro"]
[Result "0-1"]
[WhiteElo "1832"]
[BlackElo "1990"]
[PlyCount "38"]
[EventDate "2012.08.31"]

1. e4 e6 2. d4 d5 3. Nc3 Bb4 4. e5 c5 5. a3 Bxc3+ 6. bxc3 Qc7 7. Qg4 f5 8. Qg3
cxd4 9. cxd4 Ne7 10. Bd2 O-O 11. Bd3 b6 12. Ne2 Ba6 13. O-O Bxd3 14. cxd3 Nbc6
15. h4 f4 16. Qg4 Nf5 17. Rac1 Qd7 18. Nxf4 Ncxd4 19. Bb4 Nh6 0-1